=LDR 00000nam 2200000 4500 =001 INLIS000000000046989 =005 20200217031200 =035 ##$$a 0010-061500000000078 =008 200217###########################0###### =040 ##$$a NBPDMAT =082 ##$$a 025.179 4 =090 ##$$a 025.179 4 $b Ped p =245 ##$$a Pedoman perawatan dan pemeliharaan mikrofilm =260 ##$$a Jakarta :$b Perpustakaan Nasional RI,$c 2014 =300 ##$$a vi, 64 hlm. : $b ilus. ; $c 24 cm. =650 #4$$a Mikrofilm-pemeliharaan dan perbaikan =990 ##$$a 31500387